000 00505nam a2200169Ia 4500
020 _a(hb)
082 _a909.5
_bKEN
100 _aKennedy, Paul
245 _aThe Rise and fall of the great powers:
_beconomic change and military conflict from 1500 to 2000
260 _aLahore:
_bServices Book Club,
_c1995
300 _a898p.
526 _a0
_b0
_c0
_d909_500000000000000_KEN
650 _aHistory- Modern
_936713
650 _aMCE
_9379
650 _aMilitary History- Modern
_936714
942 _2ddc
_cBK
999 _c549452
_d549452